| 000 | 00509nam a2200181Ia 4500 | ||
|---|---|---|---|
| 005 | 20250508153009.0 | ||
| 008 | 008 250505s9999 xx 000 0 eng d | ||
| 037 | _aTextual | ||
| 040 |
_aFEDL _beng _cFEDL |
||
| 041 |
_aeng _2eng |
||
| 084 |
_a519.93, HEN _qFEDL |
||
| 100 |
_aHendricks Walter A _9343873 |
||
| 245 | 0 | _aMathematical theory of sampling | |
| 260 |
_aNew Brunswick _bThe Scarecrow Press _c1956 |
||
| 300 | _a364p. | ||
| 942 |
_cTEXL _h519.93, HEN |
||
| 999 |
_c1340058 _d1340058 |
||